MARC details
| 000 -LEADER |
| fixed length control field |
02025nam a2200385 i 4500 |
| 003 - CONTROL NUMBER IDENTIFIER |
| control field |
EG-GICUC |
| 005 - DATE AND TIME OF LATEST TRANSACTION |
| control field |
20260416151528.0 |
| 008 - FIXED-LENGTH DATA ELEMENTS--GENERAL INFORMATION |
| fixed length control field |
260306s1986 ua ||||fr|||| 00| 0 ara d |
| 017 ## - COPYRIGHT OR LEGAL DEPOSIT NUMBER |
| Copyright or legal deposit number |
86/7792 |
| 017 ## - COPYRIGHT OR LEGAL DEPOSIT NUMBER |
| Copyright or legal deposit number |
86/7597 |
| 020 ## - INTERNATIONAL STANDARD BOOK NUMBER |
| International Standard Book Number |
9771000837 ; |
| 020 ## - INTERNATIONAL STANDARD BOOK NUMBER |
| International Standard Book Number |
9770218936 |
| 040 ## - CATALOGING SOURCE |
| Original cataloging agency |
EG-GICUC |
| Language of cataloging |
ara |
| Transcribing agency |
EG-GICUC |
| Modifying agency |
EG-GICUC |
| Description conventions |
rda |
| 041 ## - LANGUAGE CODE |
| Language code of text/sound track or separate title |
ara |
| 082 04 - DEWEY DECIMAL CLASSIFICATION NUMBER |
| Edition number |
21 |
| Classification number |
343.303 |
| Item number |
ع ب . م |
| 092 04 - LOCALLY ASSIGNED DEWEY CALL NUMBER (OCLC) |
| Edition number |
21 |
| 099 ## - LOCAL FREE-TEXT CALL NUMBER (OCLC) |
| Classification number |
Law1 10 343.303 ع ب . م 1986 |
| 100 0# - MAIN ENTRY--PERSONAL NAME |
| Personal name |
عبد الرحيم صدقى |
| Relator term |
مؤلف. |
| 245 10 - TITLE STATEMENT |
| Title |
موسوعة صدقى فى القانون الجنائى : |
| Remainder of title |
القانون الجنائي والدين والسياسة. |
| Statement of responsibility, etc. |
تأليف دكتور عبد الرحيم صدقى.. |
| Number of part/section of a work |
المجلد السابع، |
| -- |
المجلد الثامن، |
| Name of part/section of a work |
الجريمة والعقوبة فى الشريعة الإسلامية، |
| -- |
السياسة الجنائية فى العالم المعاصر / |
| 264 #3 - PRODUCTION, PUBLICATION, DISTRIBUTION, MANUFACTURE, AND COPYRIGHT NOTICE |
| Place of production, publication, distribution, manufacture |
القاهرة : |
| Name of producer, publisher, distributor, manufacturer |
مطبعة القاهرة الجديدة، |
| Date of production, publication, distribution, manufacture, or copyright notice |
1986. |
| 300 ## - PHYSICAL DESCRIPTION |
| Extent |
مجلد : |
| Dimensions |
24 سم. |
| Other physical details |
إيضاحيات، صور، مثيليات ؛ |
| 336 ## - CONTENT TYPE |
| Source |
rda content |
| Content type term |
text |
| 337 ## - MEDIA TYPE |
| Source |
rda media |
| Media type term |
Computer |
| 338 ## - CARRIER TYPE |
| Source |
rda carrier |
| Carrier type term |
Online Resource |
| 490 ## - SERIES STATEMENT |
| Series statement |
موسوعة صدقى فى القانون الجنائى ; |
| Volume/sequential designation |
المجلد السابع، |
| -- |
المجلد الثامن |
| 504 ## - BIBLIOGRAPHY, ETC. NOTE |
| Bibliography, etc. note |
يشتمل على إرجاعات ببليوجرافية. |
| 505 ## - FORMATTED CONTENTS NOTE |
| Formatted contents note |
مج. 7, 8 ، القانون الجنائى والدين والسياسة ، المجلد السابع، الجريمة والعقوبة فى الشريعة الإسلامية ، المجلد الثامن ، السياسة الجنائية فى العالم المعاصر |
| 546 ## - LANGUAGE NOTE |
| Language note |
النص باللغة العربية |
| 650 1# - SUBJECT ADDED ENTRY--TOPICAL TERM |
| Topical term or geographic name entry element |
القانون الجنائي |
| Source of heading or term |
qrmak |
| 650 1# - SUBJECT ADDED ENTRY--TOPICAL TERM |
| Topical term or geographic name entry element |
قانون الإجراءات الجنائية |
| General subdivision |
موسوعات / معاجم |
| Source of heading or term |
qrmak |
| 651 1# - SUBJECT ADDED ENTRY--GEOGRAPHIC NAME |
| Source of heading or term |
qrmak |
| 856 40 - ELECTRONIC LOCATION AND ACCESS |
| Uniform Resource Identifier |
<a href="https://fll.law.cu.edu.eg/fulltext/bks/B10-08705.pdf">https://fll.law.cu.edu.eg/fulltext/bks/B10-08705.pdf</a> |
| 905 ## - Cataloger and Reviser Names |
| Cataloger Name: |
Gomana |
| Revisor Name: |
Yara |
| 942 ## - ADDED ENTRY ELEMENTS (KOHA) |
| Source of classification or shelving scheme |
Dewey Decimal Classification |
| Suppress in OPAC |
No |
| Koha item type |
Books |
| Edition |
21 |